000 01893nam a2200529 i 4500
001 41738
003 KOSZ 005
005 20240405063136.0
008 020724s2001 pl a |000 0 pol
015 _aUWD 2002/12470
020 _a8372251223
035 _a991018641359705066
035 _a(PL-WaBN)b15055218-48omnis_nlop
035 _ab15055218
035 _a(OCoLC)749290187
035 _azz2002912637
035 _a(PL)b0000001505521
035 _a(EXLNZ-48OMNIS_NETWORK)9910236631405606
040 _aWA N
_cWA N
_dKOSZ 005/HR
046 _k2001-
080 _a658.1/.5
080 _a005.5
080 _a316.343.653
245 0 0 _aDoskonalenie procesów zarządzania w przedsiębiorstwach a świadomość menedżerska :
_bpraca zbiorowa /
_cpod kier. nauk. Mariana Strużyckiego ; [zespół aut. Marian Strużycki et al. ; Szkoła Główna Handlowa].
260 _aWarszawa :
_bSGH. Oficyna Wydawnicza,
_c2001.
300 _a232 s. :
_bil. ;
_c24 cm.
336 _aTekst
_btxt
_2rdacontent
337 _aBez urządzenia pośredniczącego
_bn
_2rdamedia
338 _aWolumin
_bnc
_2rdacarrier
380 _aKsiążki
388 _a2001-
504 _aBibliogr. przy pracach.
648 _a1901-2000
648 _a1989-2000
650 7 _aMenedżerowie
_2DBN
650 7 _aPrzedsiębiorstwo
_2DBN
650 7 _aOrganizacja
650 7 _aZarządzanie
_2DBN
651 _aPolska
658 _aZarządzanie i marketing
700 1 _aStrużycki, Marian
_d(1930- )
_eRedakcja
710 2 _aOficyna Wydawnicza (Szkoła Główna Handlowa ; Warszawa)
_4pbl
710 2 _aSzkoła Główna Handlowa (Warszawa)
856 _uhttp://koha.tu.koszalin.pl/cgi-bin/koha/opac-detail.pl?biblionumber=41738
_zKatalog online BPK
942 _2UKD
_cKS
999 _c41738
_d41738